000 00262nam a22001217a 4500
008 171218b xxu||||| |||| 00| 0 eng d
041 _aeng
080 _a612
100 _a4
101 _aSHM
245 _aFAMILY MEDICAL GUIDE
_cCOOLEY.D.G
942 _2udc
_cBK
999 _c39064
_d39064